Luật khiếu nại, tố cáo : Đã sửa đổi, bỗ sung năm 2004 và năm 2005

Sách cung cấp cho bạn đọc tham khảo toàn bộ quy định của luật khiếu nại, tố cáo kể từ khi ban hành cho cho đến khi sửa đổi.

Wedi'i Gadw mewn:
Manylion Llyfryddiaeth
Fformat: Llyfr
Iaith:Undetermined
Cyhoeddwyd: Hà Nội Chính trị Quốc gia 2008
Pynciau:
Tagiau: Ychwanegu Tag
Dim Tagiau, Byddwch y cyntaf i dagio'r cofnod hwn!
Thư viện lưu trữ: Trung tâm Học liệu Trường Đại học Cần Thơ
LEADER 00828nam a2200193Ia 4500
001 CTU_133519
008 210402s9999 xx 000 0 und d
020 |c 14000 
082 |a 347.59705 
082 |b L504 
245 0 |a Luật khiếu nại, tố cáo : 
245 0 |b Đã sửa đổi, bỗ sung năm 2004 và năm 2005 
260 |a Hà Nội 
260 |b Chính trị Quốc gia 
260 |c 2008 
520 |a Sách cung cấp cho bạn đọc tham khảo toàn bộ quy định của luật khiếu nại, tố cáo kể từ khi ban hành cho cho đến khi sửa đổi. 
650 |a Civil procedure ( vietnamese law ),Civil rights,Luật khiếu nại,Luật tố cáo 
904 |i Trọng Hải 
980 |a Trung tâm Học liệu Trường Đại học Cần Thơ